000 00327nam a22001337a 4500
020 _a9789380235073
082 _a664.7
_bRAM/CE
100 _aRam, Sewa
245 _aCereals: Processing and nutritional quality
260 _aNew Delhi
_bNew India Publishing Agency
_c2010
300 _a314
700 _aMishra, B
942 _cBK
999 _c13700
_d13700